| 000 | 01714nam1a2200349 i 4500 | ||
|---|---|---|---|
| 001 | RU\NLR\bibl\23394 | ||
| 005 | 20260406085555.0 | ||
| 035 | _a(NLR Aleph) 000022792 | ||
| 090 |
_a106836 _c106836 |
||
| 100 | _a19990420d1998 d y0rusy50 ca | ||
| 101 | 0 | _arus | |
| 102 | _aRU | ||
| 105 | _ay ||||||||| | ||
| 200 | 1 |
_aЛитература _eРабочая тетр....[ для 5 кл. _eДидакт. и метод. материалы _e(К Хрестоматии для общеобразоват. учеб. заведений "В мире литературы" _eВ 3 рабочих тетр.] |
|
| 210 |
_aМ. _cВентана-Граф _d1998 |
||
| 215 | _d21 | ||
| 463 | 0 | _100119717 | |
| 463 | 0 | _100119719 | |
| 463 | 0 | _100119720 | |
| 606 | 0 |
_aЛитература _xРабочие тетради _xСредняя школа _92066714 _3RU\NLR\auth\661241281 |
|
| 606 | 0 |
_aРусская литература _jРуководства,пособия и т.п. для средней школы _91032583 _3RU\NLR\auth\6678541 |
|
| 606 | 0 |
_aРусская литература _jУчебные издания для средней школы _91032583 _3RU\NLR\auth\6678541 |
|
| 686 | _aЧ426.21,6(2)-215 | ||
| 686 | _aШ5(2=Р)я721-1 | ||
| 702 | 1 |
_4220 _7ca _8rus _aБогданова _bО. Ю. _cд-р пед. наук _f1930-2007 _gОксана Юрьевна _95477 _3RU\NLR\AUTH\7722419 |
|
| 702 | 1 |
_4220 _7ca _8rus _aМеркин _bГ. С. _f1940- _gГеннадий Самуйлович _938522 _3RU\NLR\auth\7755590 |
|
| 801 | 0 |
_aRU _bNLR _c19990420 _gPSBO |
|
| 801 | 1 |
_aRU _bNLR _c19990420 |
|
| 830 | _aАвт. по кн. | ||
| 852 |
_aNLR _j98-6/2305 |
||
| 942 | _cBOOK | ||